00567nam a2200193 a 4500001001300000003000900013005001700022008004100039020001000080082001600090100003300106245006300139260005400202300000900256500003500265505002300300650001700323700003300340nice12345678IN_TiNIC20260116012438.0050524s1985 hyda grp 000 0 urd  ac10000a297.4bKHA8 aKhalsa, Sardar Gurbachan Sin aHazrat Baba Shaikh Farid Ganj Shakerb Hayat Aur Kaarname. aHyderabad bMarkazi Anjuman Taleemus Salat c1985 a139p aincludes index and biblioraphy2 aAppendex, glossary aShrine-Islam1 aKhalsa, Sardar Gurbachan Sin